[Event "EU-ch 2nd"]
[Site "Ohrid"]
[Date "2001.06.10"]
[Round "9"]
[White "Petrov, Marian"]
[Black "Kempinski, Robert"]
[Result "0-1"]
[WhiteElo "2425"]
[BlackElo "2582"]
[Annotator "Rogozenco,D"]
[PlyCount "78"]
[EventDate "2001.06.01"]
[EventType "swiss"]
[EventRounds "13"]
[EventCountry "YUG"]
[SourceTitle "CBM 084"]
[Source "ChessBase"]
[SourceDate "2001.09.13"]
[SourceVersion "1"]
[SourceVersionDate "2001.09.13"]
[SourceQuality "1"]

1. e4 c5 2. c3 d6 3. d4 Nf6 4. dxc5 (4. Bd3 $14) 4... Nc6 5. Qc2 dxc5 6. Bf4 $5
{This move became popular after GM Andrei Kharlov won several games with it.
White takes control over the important diagonal.} (6. Nf3 Qc7 $5) 6... g6 (6...
e5 7. Bg3 a6 8. Nd2 b5 9. a4 Rb8 10. Ngf3 Bd6 11. Be2 O-O 12. Nf1 (12. axb5
axb5 13. Nf1 Qc7 14. Ne3 Ne7 15. O-O Ng6 16. c4 b4 17. Nd2 Re8 18. Nd5 Nxd5 19.
cxd5 Bd7 20. Rfd1 Ra8 21. Nc4 $16 {1-0 Keitlinghaus,L-Donner,B/Dortmund 1998 
(28)}) 12... Qc7 13. Ne3 Be6 14. O-O h6 15. Rfd1 $14 {1-0 Kharlov,A-Bernard,C/
Paris 1991 (63)}) 7. Nf3 Bg7 8. Nbd2 O-O 9. Rd1 Be6 (9... Nh5 $6 10. Nc4 Nxf4
$6 11. Rxd8 Rxd8 12. Ne3 b6 13. h3 $16 {1-0 Maksimenko,A-Ermenkov,E/JUG-chT2
1994 (42)}) 10. Nb3 (10. Bc4 $142 $14) 10... Qb6 11. Nfd2 Rfd8 12. Be3 $6 (12.
Be2) 12... Nd7 13. Be2 Rac8 14. Nc4 (14. O-O Nd4 $1 $17) 14... Qc7 15. O-O (15.
a4 $13) 15... b5 16. Ncd2 c4 17. Nd4 Nxd4 18. cxd4 Nb6 $132 19. d5 Bd7 20. Nf3
b4 21. Rc1 Qb7 22. Bd4 $6 Bh6 23. Be3 (23. Rb1 Ba4 $1) 23... Bxe3 24. fxe3 c3 (
24... Qc7 25. Qd2 Qc5 $13) (24... f6 $5) 25. Ne5 Be8 (25... f6 26. Nxd7 Nxd7
27. Bg4 cxb2 (27... Ne5 $6 28. Bxc8 Rxc8 29. Qb3 $16) 28. Qxb2 Rxc1 29. Rxc1
Ne5 30. Be6+ Kg7 $15) 26. Bg4 Rc7 27. Qf2 f6 28. Be6+ Kh8 $2 (28... Kg7 $13)
29. bxc3 Rxc3 30. Rxc3 bxc3 31. Qh4 $1 $18 h5 (31... Kg7 32. Ng4 $18) 32. Rxf6
$1 exf6 33. Qxf6+ Qg7 34. Qxd8 Qxe5 35. Qxe8+ Kg7 36. Qc6 Kh6 37. Bf5 $6 (37.
a4 a5 38. Bf5 (38. Qxb6 $2 c2 $19) 38... Qg7 39. Qxb6 c2 40. Qc6 $18) 37... Qg7
38. a4 $2 (38. Be6 $18) 38... c2 {[%mdl 8192]} 39. Kf2 $4 (39. e5 {[%cal Rf5c2]
} Nxd5 (39... c1=Q+ 40. Qxc1 gxf5 41. a5 Nd7 (41... Nxd5 $2 42. e4+ Kh7 43.
exd5 Qxe5 44. Qd2 $18) 42. e6 $18) 40. Bxc2 Nb4 (40... Nxe3 41. Be4 Ng4 42.
Qc1+ Kh7 43. Qg5 $16) 41. Qc4 Nxc2 42. Qxc2 Qxe5 43. e4 Qd4+ 44. Kf1 $16 {/+/=.
}) 39... Nc4 $1 (39... Nc4 40. Qxc4 Qb2 $19) 0-1

[Event "EU-chT (Men) 15th"]
[Site "Gothenburg"]
[Date "2005.08.04"]
[Round "6.2"]
[White "Pavasovic, Dusko"]
[Black "Nedev, Trajce"]
[Result "1/2-1/2"]
[WhiteElo "2566"]
[BlackElo "2530"]
[Annotator "Rogozenco,D"]
[PlyCount "116"]
[EventDate "2005.07.30"]
[EventType "team-swiss"]
[EventRounds "9"]
[EventCountry "SWE"]
[SourceTitle "CBM 109"]
[Source "ChessBase"]
[SourceDate "2005.11.14"]
[SourceVersion "1"]
[SourceVersionDate "2005.11.14"]
[SourceQuality "1"]
[WhiteTeam "Slovenia"]
[BlackTeam "Macedonia"]
[WhiteTeamCountry "SLO"]
[BlackTeamCountry "MKD"]

1. e4 c5 2. c3 Nf6 3. e5 Nd5 4. Nf3 d6 5. Bc4 e6 6. d4 cxd4 7. cxd4 Nc6 8. O-O
Be7 9. Qe2 O-O 10. Rd1 (10. Re1 {is somewhat similar to 10.Rd1 and has been
used by Sveshnikov several times.}) ({Most ambitious, but also more committing
is} 10. Nc3 Nxc3 11. bxc3 dxe5 12. dxe5 {and now both 12...Qc7 and 12...Qa5
lead to extremely sharp and double-edged positions.}) 10... Na5 11. b3 (11.
Bxd5 exd5 12. Nc3 Be6 $11 13. b3 Rc8 14. Bb2 a6 15. Rac1 b5 16. Qd2 Nc6 17. h3
h6 18. Qe3 Qb6 $15 {0-1 Hartikainen,J-Mertanen,J (2205)/Raahe 1996 (45)}) (11.
Bd3 Nb4 $11) 11... Bd7 12. Bxd5 (12. Ba3 Bc6 13. Bxd5 Bxd5 14. Nc3 Bxf3 15.
Qxf3 Nc6 $11 (15... d5 16. Bxe7 Qxe7 17. Nb5 $14)) 12... exd5 13. Nc3 Be6 14.
Ba3 Nc6 15. Rac1 Rc8 16. h3 (16. Nb5 dxe5 17. Bxe7 Qxe7 18. dxe5 (18. Nxe5 Rfe8
$11) 18... Bg4 $11) 16... a6 17. Qd3 $146 {Pavasovic tries to change something
from his own game versus McShane, but the position remains equal anyway.} (17.
Qe3 Re8 18. Qd3 h6 19. Na4 Rc7 20. Re1 dxe5 21. Bxe7 Rcxe7 22. dxe5 Bc8 $11 {
1/2-1/2 Pavasovic,D (2526)-McShane,L (2531)/Leon 2001 (70)}) 17... h6 18. Re1
Re8 19. Qd2 dxe5 20. Bxe7 Rxe7 21. dxe5 {White achieved a slightly better
version of the position from Pavasovic-McShane (where Black immediately
organized pressure on e5), nevertheless his advantage is rather formal.} Qa5
22. Red1 Rd8 (22... Rec7 $11) 23. Ne2 Qxd2 24. Rxd2 Bc8 25. Ned4 $5 {An
interesting decision to continue the fight. White sacrifices the pawn and
remains with a strong knight versus a passive bishop. Besides, White activates
his rooks.} (25. Nc3 d4 (25... Nxe5 26. Nxd5 Nxf3+ 27. gxf3 Red7 $8 28. Rxc8 $1
Rxc8 29. Nf6+ gxf6 30. Rxd7 Rc2 31. a4 b5 32. axb5 axb5 33. Rd5 Rc3 34. Rxb5
Rxf3 35. Kg2 Rc3 $14) 26. Rcd1 Nxe5 27. Nxd4 Rc7 $11) 25... Nxe5 (25... Nxd4 $6
26. Rxd4 $14) 26. Nxe5 Rxe5 27. Rdc2 Ree8 (27... Bd7 $6 28. Rc7 Bc6 29. R7xc6 (
29. Nxc6 bxc6 30. R7xc6 d4 $11 31. Rxa6 $140 $2 d3 32. Rd1 d2 33. Kf1 Rde8 $19)
29... bxc6 30. Nxc6 Ree8 (30... Rc8 31. Ne7+ Rxe7 32. Rxc8+ Kh7 33. Kf1 $16)
31. Nxd8 Rxd8 32. Kf1 $16) 28. Rc7 g6 (28... g5 $142 {This move does not
create weaknesses, since the bishop controls square f5. Later Black will
advance his pawns anyway.}) 29. f3 Kg7 30. Kf2 Kf6 31. b4 {White has full
compensation for the pawn, but it is not enough for advantage.} g5 32. a4 h5 $1
{Black rightly seeks activity. The bishop from c8 has now also the pleasant
task to support the advance of the pawns.} 33. a5 g4 ({Another interesting
strategic decision was to blockade White´s pawns on light squares, what can
offer Black later many possibilities for counterplay.} 33... h4 $5 {[%cal
Gf6g6,Yf7f5]}) 34. hxg4 hxg4 35. fxg4 (35. f4 $6 Re4 $132) (35. Rh1 gxf3 36.
gxf3 Ke5 (36... Rh8 37. Rxh8 Rxh8 38. Ke3 $44 {/=}) 37. Rh4 Rf8 {[%cal Ge5d6]})
35... Re4 36. g5+ $1 Kg7 (36... Kg6 37. Nf3 Ree8 38. Re1 Rxe1 39. Kxe1 f6 40.
gxf6 Kxf6 41. Kf2 (41. Kd2 Rg8 $11 42. Ke3 Ke6 $11) 41... Rg8 $11) (36... Kxg5
$2 37. Nf3+ $18 {[%csl Rc8]}) 37. Nf3 (37. Rd1 Rg4 $11 (37... Bg4 38. Rd2 Rd7
$11)) 37... Ree8 38. Re1 Rxe1 39. Kxe1 Re8+ 40. Kd2 Kg6 41. Nd4 $14 {White has
kept his positional advantage, but the draw is most likely result due to the
little number of pawns.} Rh8 (41... f6 $11) 42. b5 ({Perhaps more practical
chances would have offered} 42. Nb3) 42... axb5 43. Nxb5 Rd8 44. Nd4 Rf8 45.
Nf3 Re8 46. Kc3 f6 $11 47. gxf6 Kxf6 48. Kd4 Rg8 (48... Ke6 $6 49. Kc5 $16) 49.
Kxd5 Be6+ 50. Kc5 Rxg2 51. Rxb7 Rc2+ 52. Kd4 Rc4+ 53. Kd3 Ra4 54. Ra7 Ra3+ 55.
Ke4 Bf5+ 56. Kf4 Ra4+ 57. Ke3 Ra3+ 58. Kf4 Ra4+ 1/2-1/2

[Event "EU-chT (Men) 15th"]
[Site "Gothenburg"]
[Date "2005.08.06"]
[Round "8.2"]
[White "Pavasovic, Dusko"]
[Black "Schandorff, Lars"]
[Result "1-0"]
[WhiteElo "2566"]
[BlackElo "2519"]
[Annotator "Rogozenco,D"]
[PlyCount "65"]
[EventDate "2005.07.30"]
[EventType "team-swiss"]
[EventRounds "9"]
[EventCountry "SWE"]
[SourceTitle "CBM 109"]
[Source "ChessBase"]
[SourceDate "2005.11.14"]
[SourceVersion "1"]
[SourceVersionDate "2005.11.14"]
[SourceQuality "1"]
[WhiteTeam "Slovenia"]
[BlackTeam "Denmark"]
[WhiteTeamCountry "SLO"]
[BlackTeamCountry "DEN"]

1. e4 c5 2. c3 Nf6 3. e5 Nd5 4. Nf3 Nc6 5. Bc4 Nb6 6. Bb3 d6 (6... c4 {is
another main direction.}) 7. exd6 Qxd6 8. Na3 (8. O-O Be6 9. Na3 Bxb3 10. axb3
Qd3 $11) 8... Be6 (8... e6 9. d4 Be7 $6 (9... cxd4 10. Nb5 Qb8 (10... Qd8 $2
11. Bf4 $18) 11. Nbxd4 $14) (9... a6 $14 {/=}) 10. Nb5 Qd8 $2 (10... Qb8 $8 11.
dxc5 ({or} 11. g3 cxd4 12. cxd4 Bb4+ 13. Kf1 Bd6 14. Nxd6+ Qxd6 15. Bf4 $14 {
with advantage is interesting}) 11... Bxc5 12. Be3 $1 $36 {[%csl Rd6]}) 11.
dxc5 $18 {1-0 Tiviakov,S (2631)-Carlsen,M (2548)/Gausdal 2005 (61)}) (8... a6
9. d4 cxd4 10. O-O e6 $14 {/=} (10... Be6 11. Bxe6 Qxe6 12. Nxd4 Nxd4 13. Qxd4
$14)) 9. d4 {Nowadays the combination of Na3 and d4 before castling is
considered the most perspective plan. It secures White a long-lasting
initiative in safe positions and it requires from Black very accurate play in
defense.  More information on this can be found in the theoretical survey of
CBM 107.} cxd4 (9... Bxb3 {usually is just a simple transposition:} 10. Qxb3
cxd4 11. Nb5 ({or} 11. O-O e6 (11... Qd5 12. Nb5 $14) 12. Nb5 Qd7 13. Nbxd4 {
also leads to the main game}) 11... Qd7 (11... Qb8 12. g3 $5 {1-0 Tiviakov,S 
(2631)-Kulaots,K (2572)/Gausdal 2005 (34)} (12. O-O $5) (12. Nbxd4 Nxd4 13.
Nxd4 $14)) 12. Nbxd4 (12. Bf4 Na5 13. Qb4 Nc6 14. Qb3 Na5 $11) 12... Nxd4 13.
Nxd4 e6 14. O-O {-transposes to the main game}) 10. Nb5 Qd7 11. Nbxd4 (11. Bxe6
Qxe6+ 12. Be3 {This win of tempo looks has a relative drawback: Black can
later take some advantage of the bishop on e3. Nevertheless White keeps
slightly better prospects as well:} Qd7 (12... Rc8 $6 13. Nfxd4 $16) 13. Nbxd4
e6 (13... Nxd4 $6 14. Bxd4 $16) (13... Nd5 $6 14. O-O $1 e6 15. Nxc6 Qxc6 16.
Ne5 $36) 14. O-O (14. Nxc6 Qxc6 15. Qd4 $13) (14. Qe2 Be7 $14 {/=}) 14... Nc4 {
The advantage of the knight on c4 comparing to d5 (see 13...Nd5) is that the
knight controls the important square e5 and besides, the d-file is open for
the trade of queens.} (14... Be7 15. Nxc6 Qxd1 16. Rfxd1 bxc6 17. Bxb6 axb6 18.
Ne5 c5 19. a4 $14) 15. Nxc6 $5 (15. Qe2 {was tested in a few games. Black
hasn´t particular problems after} Nxe3 16. fxe3 (16. Qxe3 Bc5 $11) 16... Be7
$14 {/=}) 15... Qxd1 (15... Qxc6 16. Nd4 Qd7 17. Qg4 (17. Qh5 Bd6 (17... Be7 $2
18. Nxe6 $1 Qxe6 19. Rfe1 $40) 18. Rad1 O-O (18... Nxb2 $2 19. Nb5 Nxd1 20.
Rxd1 $16) 19. Bc1 Qc7 20. Nf3 (20. Nb5 Qc5 $11) 20... Rfd8 $14 {/=}) 17... Rc8
(17... Ne5) 18. Rad1 $5 Nxb2 19. Rb1 Nc4 20. Rfd1 $44) 16. Raxd1 bxc6 17. Bc1 (
17. b3 $5 Nxe3 18. fxe3 $13) (17. Nd4 Nxb2 18. Rb1 Na4 $13) 17... Be7 18. b3 (
18. Nd4 c5 19. Nb5 O-O $14 {/=}) 18... Nb6 19. c4 $14) 11... Bxb3 12. Qxb3 e6 (
{Another try is} 12... Nxd4 13. Nxd4 e5 (13... e6 14. O-O {is the main game})
14. Nf3 Bd6 15. O-O (15. Be3 Qc6 16. Bxb6 (16. O-O Nc4 $11) 16... Qxb6 17. Qxb6
axb6 18. O-O-O Ke7 $14 {/=, 1/2-1/2 Kazhgaleyev,M (2604)-Shirov,A (2699)/
Bastia 2002 (24)}) 15... O-O 16. Be3 Qc6 (16... e4 $5) 17. Bxb6 axb6 18. Rfe1
Rae8 19. Rad1 Re7 20. Qd5 $1 $14 {1/2-1/2 Kazhgaleyev,M (2604)-Shirov,A (2699)/
Bastia 2002 (47)}) 13. O-O Nxd4 14. Nxd4 Be7 (14... Bc5 {is a worthy
alternative:} 15. Be3 (15. Nf3 O-O 16. Bf4 Qc6 17. Rad1 Rad8 18. Rxd8 Rxd8 19.
Rd1 Rxd1+ 20. Qxd1 {1/2-1/2 Roushani,H-Agamaliev,G (2425)/Fajr 1993}) (15. Rd1
O-O $11) 15... Rc8 (15... O-O $2 16. Nxe6 fxe6 17. Bxc5 Rf6 18. Bxb6 axb6 19.
Qxb6 Qd5 {1-0 Harley,A (2245)-Parmentier,X (2340)/Hastings 1988}) (15... Qc8
16. Qb5+ Nd7 17. Rad1 a6 18. Qd3 Nf6 19. Bg5 Be7 20. Rfe1 Qc7 (20... O-O 21.
Nf5 $36) 21. Qe2 Rd8 22. Rd3 h6 23. Bc1 Bc5 24. Red1 O-O 25. h3 b5 $11 {
1-0 Janovsky,S (2492)-Bratovic,B (2332)/Ljubjana 2004 (56)}) (15... Bxd4 16.
Bxd4 Qc6 $1 $11 {/+/=}) 16. Rfd1 (16. Nb5 $5) 16... Qa4 17. Qb5+ Qxb5 18. Nxb5
Nc4 {1/2-1/2 Rabiega,R (2470)-Mainka,R (2530)/Binz 1995/CBM 050 ext} 19. Bxc5
Rxc5 20. Nd6+ Nxd6 21. Rxd6 Ke7 22. Rad1 {1/2-1/2 Manca,F (2374)-Freitag,M 
(2374)/Austria 2000}) (14... Rc8 $6 15. Nb5 Bc5 16. Nxa7 Ra8 17. Rd1 Qe7 18.
Qb5+ $5 (18. Nb5 $16) 18... Nd7 19. Bg5 f6 20. Rxd7 $1 Qxd7 21. Qxc5 fxg5 22.
Nb5 $44 {1-0 Tzermiadianos,A (2440)-Grivas,E (2460)/Karditsa 1995 (54)}) 15.
Rd1 O-O (15... Qd5 $6 16. Nb5 $16) 16. Be3 (16. Nf5 Qc7 17. Nxe7+ Qxe7 $14 {
/= Thanks to the superiority of the bishop versus knight White can claim an
advantage here. Nevertheless it is rather just a symbolic edge, since Black
has no weaknesses and the open d-file will very likely lead to trade of rooks 
(which would favor Black).}) (16. Bf4 Qa4 $11) (16. Nb5 Qc6 17. Be3 Bc5 18.
Bxc5 {1/2-1/2 Pavasovic,D (2547)-Kharlov,A (2638)/Ljubljana 2002}) 16... Nc8 $6
{Square b6 is certainly not the best for the knight, but going back to c8 is
even worse.} ({After the correct} 16... Qc8 {[%cal Gf8d8] Black slowly
equalizes:} 17. Nb5 Bc5 18. Bxc5 (18. Nd6 Bxd6 (18... Qc6 $2 19. Bxc5 Qxc5 20.
Nxb7 $16) 19. Rxd6 Nc4 20. Rd3 (20. Rd4 Nxe3 21. fxe3 Qc7 22. Rad1 Rad8 $14 {/=
} (22... Rfd8 $2 23. Qxb7 $18)) 20... Nxe3 21. Rxe3 Qc7 $11 {1/2-1/2
Jaumandreu Llopis,A (2148)-Truyens,A (2230)/IECG email 2001 (27)}) (18. Bf4 Qc6
(18... Nd5 19. Bg3 a6 20. c4 Nf6 21. Nd6 Bxd6 22. Bxd6 Re8 23. Rac1 $11 {
/+/=, 1/2-1/2 Lemmers,O (2370)-Cardon,H (2380)/Sas van Gent 1994 (38)}) 19. Bd6
Rfc8 20. Bxc5 Qxc5 21. Nd6 Rc7 22. Qb5 Qxb5 23. Nxb5 Rc5 24. Nd6 Rc7 25. Rd4 e5
26. Rd2 Rd8 27. Rad1 Rcd7 28. Kf1 Nc8 29. Nc4 Rxd2 30. Rxd2 Rxd2 31. Nxd2 $11 {
1/2-1/2 Pavasovic,D (2566)-Videki,S (2394)/Trieste 2005 (40)}) (18. Bd4 a6 (
18... Qc6 19. a4 h6 20. g3 Rfd8 $11 {1/2-1/2 Vasiukov,E (2505)-Tseitlin,M 
(2440)/Tiraspol 1994 (49)}) 19. Nd6 Bxd6 20. Bxb6 Qc6 21. Rd4 Bc7 22. Bxc7 Qxc7
23. Rad1 Rad8 $11 {1/2-1/2 Sermek,D (2555)-Ragger,M (2399)/Steinbrunn 2005 (37)
}) 18... Qxc5 19. Nd6 (19. Rd3 Nd5 20. Rad1 a6 21. Nd6 b5 22. Ne4 Qc6 $11 23.
Rg3 Rad8 24. Rd4 h6 25. Qd1 f5 $1 26. Nd2 e5 27. Rh4 Nf4 {0-1 Vannerom,
R-Kamsky,G (2345)/Val Thorens 1989}) 19... Qc7 (19... Qc6 20. Qb5 (20. Rd4 Rfd8
21. Rad1 Rd7 22. Nb5 Rxd4 23. Nxd4 Qa4 $11 {1/2-1/2 Jonkman,H (2454)-Senff,M 
(2467)/Dieren 2005 (34)}) 20... Qxb5 21. Nxb5 {1-0 Degraeve,J (2586)-Lautier,J
(2663)/Val d'Isere 2002 (66)} Rfd8 $1 22. Rxd8+ (22. Kf1 Kf8 $11) 22... Rxd8
23. Nxa7 Na4 $132) 20. a4 Rad8 21. Nb5 Qc4 22. Qxc4 Nxc4 23. b3 Nd2 {1/2-1/2
Tkachiev,V (2609)-Nataf,I (2557)/Moscow 2005}) (16... Nd5 {square d5 is not
safe either, but still it would have been better than the game:} 17. Nb5 (17.
Nxe6 fxe6 18. c4 Rf5 19. Rd2 Qc6 20. cxd5 Rxd5 21. Rxd5 (21. Rad1 Rxd2 22. Rxd2
Rd8 $11) 21... Qxd5 22. Qxd5 exd5 23. Rd1 Rd8 24. Bxa7 Ra8 25. Bd4 Rxa2 $11) (
17. Nf5 Qc7 $14 {/=}) 17... a6 18. c4 axb5 19. cxd5 e5 $14) 17. Bf4 $1 $16 {
[%csl Rd7] Now Black has big problems to neutralize White´s initiative.} (17.
Rd2 Nd6 18. Nf3 Qc6 19. Ne5 Qa6 20. Nd7 Nc4 21. Nxf8 {1/2-1/2 Dighton,S (2230)
-Stirling,W (2240)/Birmingham 2001}) 17... a6 (17... Bc5 18. Nb5 Qc6 19. Nc7
Rb8 20. Na6 Ra8 21. Nxc5 Qxc5 22. Qxb7 $16) (17... Bd6 18. Nb5 $18) (17... Nd6
18. Bxd6 Qxd6 (18... Bxd6 19. Nb5 $18) 19. Qxb7 $16) 18. Nf3 $1 Bd6 (18... Qc6
19. Ne5 Qe4 20. Rd4 $16) 19. Bxd6 ({White wins material with} 19. Rxd6 Nxd6 20.
Rd1 {Then after} Rfd8 21. Rxd6 Qb5 22. Qxb5 axb5 23. Rxd8+ Rxd8 24. Nd2 {
the position is technically winning. On the other hand the move made by
Pavasovic also leads to a winning endgame.}) 19... Nxd6 20. Qb6 Rfd8 21. Rd4
Qc6 (21... Rac8 22. Ne5 Qe7 (22... Qc7 23. Qxc7 Rxc7 24. Rad1 f6 25. Nc4 $18)
23. Rad1 f6 24. Rxd6 Rxd6 25. Qxd6 Qxd6 26. Rxd6 fxe5 27. Rxe6 Rd8 28. Kf1 Rd2
29. Rb6 Rd7 30. Ke2 $16 {/+-}) 22. Qxc6 bxc6 23. Rad1 Nb7 24. Kf1 ({Also
strong is} 24. Ne5 {E.g.} c5 25. Rxd8+ Rxd8 26. Rxd8+ Nxd8 27. Kf1 f6 28. Nd7
Nb7 29. Ke2 Kf7 30. Kd3 Ke7 31. Nb8 a5 32. Kc4 Kd6 33. Kb5 $18) 24... Kf8 (
24... f6 25. Rd7 $16) 25. Ne5 Rxd4 26. Rxd4 Nd8 27. Rd7 $18 {Black´s position
is hopeless. The poor knight would have better stayed on b6, at least it would
have control square d7...} Ke8 28. Rc7 Rb8 29. Nc4 Kf8 30. Ra7 Rb5 31. Rxa6 Rc5
32. Nb6 Ke8 33. a4 1-0